Zambia Primary Course Grade V Term 1 Units 1-11 Teacher's Handbook English Language and Reading. (Record no. 1298)

MARC details
000 -LEADER
fixed length control field 00468nam a22001217a 4500
005 - DATE AND TIME OF LATEST TRANSACTION
control field 20200828110003.0
008 - FIXED-LENGTH DATA ELEMENTS--GENERAL INFORMATION
fixed length control field 200828b ||||| |||| 00| 0 eng d
020 ## - INTERNATIONAL STANDARD BOOK NUMBER
International Standard Book Number 998200176X
040 ## - CATALOGING SOURCE
Transcribing agency CML
245 ## - TITLE STATEMENT
Title Zambia Primary Course Grade V Term 1 Units 1-11 Teacher's Handbook English Language and Reading.
Statement of responsibility, etc. Ministry of Education.
260 ## - PUBLICATION, DISTRIBUTION, ETC.
Place of publication, distribution, etc. Lusaka
Name of publisher, distributor, etc. National Educational Company of Zambia Limited.
Date of publication, distribution, etc. 1971
942 ## - ADDED ENTRY ELEMENTS (KOHA)
Source of classification or shelving scheme Dewey Decimal Classification
Koha item type Books
Edition 1st Edition
Classification part 428.21
Call number suffix ZAM
Holdings
Withdrawn status Lost status Source of classification or shelving scheme Damaged status Not for loan Collection code Home library Current library Shelving location Date acquired Total Checkouts Full call number Date last seen Copy number Price effective from Koha item type
    Dewey Decimal Classification     Language Chalimbana Main Library Chalimbana Main Library Language 08/28/2020   428.21 ZAM 08/28/2020 1 08/28/2020 Books

Powered by Koha